000 00613nam a2200229Ia 4500
003 OSt
005 20220928131150.0
006 a|||||r|||| 00| 0
007 ta
008 220927b |||||||| |||| 00| 0 eng d
024 _a64581
037 _cTextual
040 _aSDCL
_cSDCL
_beng
041 _2eng
_aeng
082 _aV7927'N7<-L6, L1
100 _aThomas Hugh
_9477272
245 0 _aCuba or the pursuit of freedom
260 _aLondon
_bEyre & Spottiswoode
_c1971
300 _axxiv,1696p.
_ccm.
942 _hV7927'N7<-L6, L1
_cTEXL
_2CC
999 _c789755
_d789755